000 02109ncm0a2200397 4500
001 RU\NLR\ONIZ\215658
005 20250626045005.0
010 _a978-5-94841-077-7
021 _aRU
_b10-406н
_910-34н
035 _aRU\NLR\ONIZ\Таня\5000003390\20161117143540
035 _a(NLR Aleph) 011338012
090 _a11174853
_c11174853
100 _a20161117d2010 |||y0rusy50 ca
101 0 _arus
102 _aRU
125 _azx
128 _afso
145 0 _aa
200 1 _aРусские народные песни Саратовской области
_bНоты
_eиз репертуара анс. "Благодать"
_e[анс. без сопровожд.]
_eучеб. пособие
_fсост. И. Л. Егорова
210 _aСаратов
_cСаратовская гос. консерватория им. Л. В. Собинова
_d2010
215 _a101, [11] с.
_cфото
_d21 см
313 _aСистематизация документа проведена по изданию - Методика классифицирования музыкальных произведений (нотных изданий) по таблицам Библиотечно-библиографических классификаций : метод. рекомендации / Гос. б-ка СССР им. В.И. Ленина.- М., 1977. Индексу ББК методических рекомендаций присваивается код ББК для научных библиотек - LBC/SL
686 _aЩ92(2Р=Рус)-49я43
_vLBC/SL
_2rubbk
686 _aЩ942, 8я43(2Р=Тат)
_vLBC/SL
_2rubbk
686 _aЩ942.9(2Р)
_vLBC/SL
_2rubbk
700 1 _9z01790
_aЕгорова
_bИ. Л.
_gИрина Львовна
_4220
790 1 _9z01700
_aEgorova
_bI. L.
_gIrina L'vovna
_4220
801 0 _aRU
_bNLR
_c20161117
_gPSBO
801 1 _aRU
_bNLR
_c20161117
_2rusmarc
801 2 _aRU
_bNLR
_c20190630
852 _aNLR
_bМ
_j2/4335
_pМОЭ 2010-34н/406н
_t1
852 _aNLR
_bМ
_j2/4335а
_pМОЭ 2010-34н/406на
_t2
942 _cSCORE
980 _aNB
980 _aONIZ